| 000 | 00528nam a2200205 a 4500 | ||
|---|---|---|---|
| 001 | BRCA_6238 | ||
| 005 | 20190320205400.0 | ||
| 008 | 200711s1922----gw-ao#####---#000-0#ger-# | ||
| 041 | _ager | ||
| 044 | _agw | ||
| 050 | 4 |
_aSK151 _b.M83 1922 |
|
| 100 | 1 |
_aMüller-Grote, Karl _915672 |
|
| 245 | 1 | 0 |
_aJagd und Kanufahrten in Kanada _cvon Karl Müller-Grote. |
| 260 |
_aBremen _bAngelsachsen _c1922 |
||
| 300 |
_a125 p. _bil., fotografías _c22 cm. |
||
| 500 | _aK97 | ||
| 650 | 1 | 4 |
_aCaza _915673 |
| 902 | _aGFM | ||
| 942 |
_2lcc _cB |
||
| 999 |
_c5925 _d5925 |
||